000 00409nam a22001697a 4500
003 NUST - PNEC
005 20170116180837.0
008 150811b xxu||||| |||| 00| 0 eng d
020 _a-
040 _cLIBRARY
082 _a510.42 YUS
100 _95112
_aYusuf, S.M.
245 _aMathematical methods
_cS.M. Yusuf
250 _aThird Edition
650 _95113
_aMathematics
_xME / MIS
942 _2ddc
_cBK
999 _c64282
_d64282